[Event "St Petersburg Summer op"]
[Site "St Petersburg"]
[Date "2017.08.21"]
[Round "6"]
[White "Grigoriev, Oleg"]
[Black "Ganzhurov, Roman"]
[Result "1/2-1/2"]
[WhiteElo "2113"]
[BlackElo "2259"]
[PlyCount "60"]
[EventDate "2017.08.16"]
[EventType "swiss"]
[EventRounds "9"]
[EventCountry "RUS"]
[SourceTitle "CBM 180 Extra"]
[Source "ChessBase"]
[SourceDate "2017.10.06"]
[SourceVersion "1"]
[SourceVersionDate "2017.10.06"]
[SourceQuality "1"]

1. e4 c5 2. Nf3 d6 3. d4 cxd4 4. Nxd4 Nf6 5. Nc3 a6 6. f4 e6 7. Qf3 Qc7 8. Be3 b5 9. Bd3 Bb7 10. 0-0-0 Nbd7 11. a3 Nc5 12. Kb1 g6 13. g4 Bg7 14. Bxb5+ axb5 15. Ndxb5 Qe7 16. Nxd6+ Qxd6 17. Rxd6 Ncxe4 18. Qd1 Nxd6 19. Qxd6 Rd8 20. Qc7 Bxh1 21. Bc5 Nd7 22. Bb4 Rb8 23. Nb5 Bf8 24. Nd6+ Bxd6 25. Qxd6 Kd8 26. Ba5+ Ke8 27. Bb4 Kd8 28. Ba5+ Ke8 29. Bb4 Kd8 30. Ba5+ Ke8 1/2-1/2

[Event "St Petersburg Summer op"]
[Site "St Petersburg"]
[Date "2017.08.18"]
[Round "3"]
[White "Ganzhurov, Roman"]
[Black "Yaroslavtsev, Artem"]
[Result "1-0"]
[WhiteElo "2259"]
[BlackElo "2006"]
[PlyCount "71"]
[EventDate "2017.08.16"]
[EventType "swiss"]
[EventRounds "9"]
[EventCountry "RUS"]
[SourceTitle "CBM 180 Extra"]
[Source "ChessBase"]
[SourceDate "2017.10.06"]
[SourceVersion "1"]
[SourceVersionDate "2017.10.06"]
[SourceQuality "1"]

1. e4 c5 2. Nf3 d6 3. d4 cxd4 4. Nxd4 Nf6 5. Nc3 a6 6. h3 e6 7. g4 Nfd7 8. Bg2 Be7 9. Be3 Nc6 10. Qe2 0-0 11. 0-0-0 Nxd4 12. Bxd4 b5 13. a3 Bb7 14. f4 Qa5 15. Kb1 Rac8 16. Qd2 Qc7 17. g5 Nb6 18. Bxb6 Qxb6 19. f5 Rfe8 20. Rhf1 b4 21. axb4 Qxb4 22. f6 Bf8 23. h4 Rc7 24. Ne2 Qc5 25. Rf3 Qe5 26. Rc3 Rec8 27. Qd4 Rxc3 28. Nxc3 Qh2 29. Qf2 d5 30. exd5 Bb4 31. dxe6 Qxg2 32. exf7+ Kxf7 33. Rd7+ Kg8 34. Qb6 Qf1+ 35. Nd1 Be4 36. Qe6+ 1-0

[Event "Kostroma Summer"]
[Site "Kostroma"]
[Date "2013.07.11"]
[Round "8"]
[White "Ganzhurov, Roman"]
[Black "Rakhmangulov, Andrei"]
[Result "1/2-1/2"]
[WhiteElo "2267"]
[BlackElo "2400"]
[PlyCount "23"]
[EventDate "2013.07.04"]
[EventType "tourn"]
[EventRounds "9"]
[EventCountry "RUS"]
[EventCategory "1"]
[SourceTitle "EXT 2014"]
[Source "ChessBase"]
[SourceDate "2013.11.20"]
[SourceVersion "1"]
[SourceVersionDate "2013.11.20"]
[SourceQuality "1"]

1. e4 d6 2. d4 Nf6 3. Nc3 g6 4. g3 c6 5. Bg2 Bg7 6. Nge2 0-0 7. h3 e5 8. Be3 b5 9. a3 Qc7 10. 0-0 a6 11. g4 Nbd7 12. Ng3 1/2-1/2

[Event "Yakutsk Nikolaev Memorial"]
[Site "Yakutsk"]
[Date "2012.12.14"]
[Round "4"]
[White "Mischuk, Dmitry"]
[Black "Ganzhurov, Roman"]
[Result "0-1"]
[WhiteElo "2307"]
[BlackElo "2313"]
[PlyCount "112"]
[EventDate "2012.12.12"]
[EventType "tourn"]
[EventRounds "9"]
[EventCountry "RUS"]
[EventCategory "2"]
[SourceTitle "CBM 152 Extra"]
[Source "ChessBase"]
[SourceDate "2013.02.25"]
[SourceVersion "1"]
[SourceVersionDate "2013.02.25"]
[SourceQuality "1"]

1. d4 Nf6 2. c4 c5 3. d5 b5 4. cxb5 a6 5. e3 Bb7 6. Nc3 axb5 7. Bxb5 e6 8. Nf3 exd5 9. 0-0 Be7 10. b3 0-0 11. Bb2 Qb6 12. Bd3 Nc6 13. Rc1 d6 14. Ba1 Nb4 15. Bb1 Bc6 16. Re1 Qb7 17. Bb2 Rfb8 18. a3 Na6 19. Bc2 Nc7 20. Ne2 Ne6 21. b4 d4 22. exd4 cxb4 23. d5 Bxd5 24. axb4 Bxf3 25. gxf3 Qxf3 26. Nd4 Qxd1 27. Bxd1 Rxb4 28. Bc3 Rc8 29. Nf5 Bf8 30. Be2 Rf4 31. Ng3 d5 32. Be5 Rxc1 33. Rxc1 Ra4 34. Bxf6 gxf6 35. Rc8 Kg7 36. Bf1 Bc5 37. Nf5+ Kg6 38. Ne3 Bxe3 39. fxe3 Kf5 40. Bd3+ Ke5 41. Bxh7 f5 42. Bg8 Kf6 43. Re8 f4 44. exf4 Rxf4 45. Bh7 d4 46. Ra8 Rf3 47. Be4 Re3 48. Bg2 d3 49. Ra2 Nf4 50. Kf2 Nxg2 51. Kxg2 Ke5 52. Kf2 Re4 53. Ra7 f5 54. Rd7 Rd4 55. Re7+ Kf4 56. Re1 Re4 0-1

[Event "RUS-ch Higher League 65th"]
[Site "Tiumen"]
[Date "2012.06.24"]
[Round "8"]
[White "Temirkanov, David"]
[Black "Ganzhurov, Roman"]
[Result "0-1"]
[WhiteElo "2334"]
[BlackElo "2327"]
[PlyCount "66"]
[EventDate "2012.06.16"]
[EventType "swiss"]
[EventRounds "11"]
[EventCountry "RUS"]
[SourceTitle "CBM 149"]
[Source "ChessBase"]
[SourceDate "2012.07.17"]
[SourceVersion "1"]
[SourceVersionDate "2012.07.17"]
[SourceQuality "1"]

1. e4 c5 2. Nf3 e6 3. c4 Nc6 4. Nc3 Nd4 5. d3 Ne7 6. g3 Nec6 7. Bg2 g6 8. 0-0 Bg7 9. Rb1 0-0 10. Be3 a6 11. Ne2 d5 12. Bxd4 cxd4 13. exd5 exd5 14. c5 Qa5 15. Qb3 Qxc5 16. Nf4 Qb5 17. Nxd5 Bf5 18. Rfd1 Qxb3 19. axb3 Rad8 20. Nb6 Nb4 21. Ne1 Rfe8 22. Bf1 Bh6 23. h3 Rxe1 24. Rxe1 Nxd3 25. Re7 Kf8 26. Rc7 Nxf2 27. Kxf2 Bxb1 28. Bc4 Kg7 29. Rxf7+ Kh8 30. Nd7 d3 31. Ke1 Bc2 32. Nf6 d2+ 33. Kf2 Bg7 0-1

[Event "RUS-ch Higher League 65th"]
[Site "Tiumen"]
[Date "2012.06.23"]
[Round "7"]
[White "Yuffa, Daniil"]
[Black "Ganzhurov, Roman"]
[Result "1-0"]
[WhiteElo "2345"]
[BlackElo "2327"]
[PlyCount "87"]
[EventDate "2012.06.16"]
[EventType "swiss"]
[EventRounds "11"]
[EventCountry "RUS"]
[SourceTitle "CBM 149"]
[Source "ChessBase"]
[SourceDate "2012.07.17"]
[SourceVersion "1"]
[SourceVersionDate "2012.07.17"]
[SourceQuality "1"]

1. d4 Nf6 2. c4 c5 3. d5 b5 4. Nd2 bxc4 5. e4 c3 6. bxc3 d6 7. Ngf3 Qa5 8. Qc2 g6 9. Bd3 Bg7 10. 0-0 0-0 11. Rb1 Nbd7 12. Nc4 Qc7 13. Qa4 Ng4 14. Bf4 f6 15. Rb3 Rb8 16. h3 Nge5 17. Bxe5 Nxe5 18. Nfxe5 fxe5 19. Rxb8 Qxb8 20. Qc6 Qb7 21. Qxb7 Bxb7 22. Na5 Ba8 23. Rb1 Bh6 24. Bc4 Bd2 25. Rb3 Kg7 26. Kf1 Be3 27. f3 Kf6 28. Ke2 Bc1 29. Rb1 Bf4 30. Ba6 h5 31. Nc6 g5 32. Bb7 g4 33. fxg4 hxg4 34. hxg4 Kg5 35. Bxa8 Rxa8 36. Nxe7 Kxg4 37. Nf5 Rh8 38. Nxd6 Rh2 39. Rg1 Rh6 40. Nc4 Ra6 41. a3 Kg3 42. d6 Bg5 43. Rf1 Kxg2 44. Rf5 1-0

[Event "RUS-ch Higher League 65th"]
[Site "Tiumen"]
[Date "2012.06.20"]
[Round "5"]
[White "Ganzhurov, Roman"]
[Black "Popov, Mikhail"]
[Result "1-0"]
[WhiteElo "2327"]
[BlackElo "2184"]
[PlyCount "135"]
[EventDate "2012.06.16"]
[EventType "swiss"]
[EventRounds "11"]
[EventCountry "RUS"]
[SourceTitle "CBM 149"]
[Source "ChessBase"]
[SourceDate "2012.07.17"]
[SourceVersion "1"]
[SourceVersionDate "2012.07.17"]
[SourceQuality "1"]

1. e4 c5 2. Nf3 d6 3. d4 cxd4 4. Nxd4 Nf6 5. Nc3 a6 6. h3 e6 7. g4 Nc6 8. Bg2 Nd7 9. 0-0 Be7 10. Nce2 0-0 11. c4 Qc7 12. b3 Nxd4 13. Nxd4 Rb8 14. Be3 b6 15. f4 Re8 16. Rc1 Bb7 17. Kh1 Rbc8 18. g5 Bf8 19. Bg1 e5 20. Ne2 exf4 21. Rxf4 Nc5 22. Qc2 Ne6 23. Rg4 b5 24. Qd2 bxc4 25. Rxc4 Qb8 26. Rxc8 Qxc8 27. Nc3 Nc5 28. Nd5 Nd7 29. Rg3 Bc6 30. Rc3 Qb7 31. Qc2 Ne5 32. Bd4 Bxd5 33. exd5 Ng6 34. Rc7 Qb8 35. Ra7 Be7 36. Qf2 Rf8 37. h4 Bd8 38. Rxa6 Qc8 39. Ra4 Qg4 40. Bb2 Qd1+ 41. Kh2 Ne5 42. Bxe5 dxe5 43. Bf3 Qd3 44. Qe2 Qc3 45. Rc4 Qa1 46. Rc6 Qd4 47. Rc4 Qa1 48. d6 f5 49. Bd5+ Kh8 50. Qf2 e4 51. Rxe4 Bb6 52. Qe1 Qxa2+ 53. Re2 Qa3 54. Qg3 Bc5 55. Re6 Qb2+ 56. Bg2 Qd4 57. Kh3 f4 58. Qf3 Bxd6 59. Qd5 Qc3+ 60. Bf3 Bb8 61. Re7 Qa1 62. Qc5 Qf1+ 63. Kg4 Qd3 64. Qd5 Qc3 65. Qe6 Qc5 66. Re8 g6 67. Qf6+ Kg8 68. Bd5+ 1-0

[Event "RUS-ch Higher League 65th"]
[Site "Tiumen"]
[Date "2012.06.16"]
[Round "1"]
[White "Bocharov, Dmitry"]
[Black "Ganzhurov, Roman"]
[Result "1-0"]
[WhiteElo "2600"]
[BlackElo "2327"]
[PlyCount "81"]
[EventDate "2012.06.16"]
[EventType "swiss"]
[EventRounds "11"]
[EventCountry "RUS"]
[SourceTitle "CBM 149"]
[Source "ChessBase"]
[SourceDate "2012.07.17"]
[SourceVersion "1"]
[SourceVersionDate "2012.07.17"]
[SourceQuality "1"]

1. d4 Nf6 2. Nf3 c5 3. d5 b5 4. Bg5 Qb6 5. Bxf6 Qxf6 6. c3 g6 7. e4 Qb6 8. Nbd2 Ba6 9. a4 b4 10. Bc4 Bg7 11. Qc2 0-0 12. a5 Qb7 13. 0-0 d6 14. Qd3 Bxc4 15. Nxc4 Nd7 16. Rfe1 Qa6 17. h4 Rab8 18. h5 bxc3 19. bxc3 Rb3 20. Rac1 Rfb8 21. hxg6 hxg6 22. Nfd2 R3b7 23. f4 Nf6 24. e5 Nh5 25. Qf3 Bh6 26. g3 Rd8 27. Rf1 Rf8 28. Rce1 Rbb8 29. Rf2 Rbd8 30. e6 f5 31. Rh2 Kg7 32. Rxh5 gxh5 33. Kg2 Rf6 34. Rh1 Rg8 35. Rxh5 Kf8 36. Kf2 Bg7 37. Qd3 Rh8 38. Rxf5 Rh2+ 39. Ke3 Ke8 40. Ne4 Qb7 41. Nexd6+ 1-0

[Event "Moscow op-A"]
[Site "Moscow"]
[Date "2012.01.31"]
[Round "4"]
[White "Gevondian, Arman"]
[Black "Ganzhurov, Roman"]
[Result "1-0"]
[WhiteElo "1936"]
[BlackElo "2317"]
[PlyCount "125"]
[EventDate "2012.01.28"]
[EventType "swiss"]
[EventRounds "9"]
[EventCountry "RUS"]
[SourceTitle "CBM 146 Extra"]
[Source "ChessBase"]
[SourceDate "2012.02.29"]
[SourceVersion "1"]
[SourceVersionDate "2012.02.29"]
[SourceQuality "1"]

1. d4 Nf6 2. c4 c5 3. d5 b5 4. cxb5 a6 5. Nc3 axb5 6. Nxb5 d6 7. Nc3 Ba6 8. g3 g6 9. Bg2 Bg7 10. Nf3 Nbd7 11. 0-0 Nb6 12. Re1 0-0 13. e4 Nfd7 14. Qc2 Nc4 15. Bf4 Qa5 16. Rac1 Bxc3 17. Qxc3 Qxc3 18. bxc3 f6 19. h4 Ra7 20. Rb1 Rfa8 21. Rb3 Bc8 22. Bf1 Ncb6 23. Reb1 Rxa2 24. Rxb6 Nxb6 25. Rxb6 Bg4 26. Nh2 Bd1 27. Rb7 Kf8 28. Bd3 R2a3 29. Bd2 Kf7 30. Kg2 h6 31. Nf1 Bb3 32. Kf3 Bd1+ 33. Kg2 Bb3 34. Kf3 c4 35. Be2 Ra2 36. Bxh6 Rc2 37. Bd2 Raa2 38. Ke3 Ra1 39. g4 Rca2 40. Rb8 Bd1 41. Rb4 Bxe2 42. Kxe2 Rxf1 43. Kxf1 Rxd2 44. Rxc4 Rd3 45. Kg2 f5 46. exf5 gxf5 47. Rf4 Rxc3 48. Rxf5+ Kg7 49. f3 Re3 50. Kf2 Ra3 51. Kg3 Re3 52. Kf4 Re1 53. Kg5 e6 54. dxe6 Rxe6 55. h5 Re8 56. Ra5 Rd8 57. Rd5 Kf7 58. f4 Ke6 59. Rd1 Rg8+ 60. Kh4 d5 61. g5 Kf5 62. Rxd5+ Kxf4 63. Rd1 1-0

[Event "Moscow op-A"]
[Site "Moscow"]
[Date "2012.01.29"]
[Round "2"]
[White "Bukavshin, Ivan"]
[Black "Ganzhurov, Roman"]
[Result "1-0"]
[WhiteElo "2517"]
[BlackElo "2317"]
[PlyCount "85"]
[EventDate "2012.01.28"]
[EventType "swiss"]
[EventRounds "9"]
[EventCountry "RUS"]
[SourceTitle "CBM 146 Extra"]
[Source "ChessBase"]
[SourceDate "2012.02.29"]
[SourceVersion "1"]
[SourceVersionDate "2012.02.29"]
[SourceQuality "1"]

1. e4 c5 2. Nf3 e6 3. d4 cxd4 4. Nxd4 Nc6 5. Nc3 d6 6. Be3 Nf6 7. f3 Be7 8. Qd2 0-0 9. 0-0-0 a6 10. g4 Qc7 11. g5 Nd7 12. h4 Nde5 13. f4 Nxd4 14. Qxd4 Ng4 15. Bg1 b5 16. Be2 b4 17. Na4 e5 18. Qb6 Qd7 19. Nc5 Qe8 20. Nd3 Qa4 21. f5 Bxf5 22. exf5 Rfc8 23. Kd2 Rxc2+ 24. Ke1 e4 25. Nf4 Ne5 26. Bd4 Nf3+ 27. Kf1 Rxe2 28. Kxe2 Qc2+ 29. Ke3 Ne5 30. Bxe5 dxe5 31. Ne6 fxe6 32. Qxe6+ Kf8 33. Rd2 Qc5+ 34. Kxe4 Re8 35. f6 Bxf6 36. Qd6+ Be7 37. Rf1+ Kg8 38. Qxc5 Bxc5 39. Rd5 Bd4 40. Rd7 Bc5 41. Rc1 Bf8 42. Rdc7 Re6 43. Rc8 1-0